000 02086cam0 2200445 ib4500
001 BY-BR0000-br20229295514
005 20250722133333.0
010 ^a978-5-9951-4732-9
^bв переплете
100 ^a20220513d2020 d y0rusy50 ca
101 1 ^arus
^cger
102 ^aRU
105 ^aa z 000ay
109 ^ama
200 1 ^aКукольный танец в Праге
^e[роман
^eдля среднего школьного возраста]
^fАндреас Шлютер
^gиллюстрации Даниэля Наппа
^g[перевод с немецкого А. Шершун]
210 ^aМосква
^cСтрекоза
^d2020
215 ^a190, [1] с.
^cил.
^d21 cм
225 1 ^aСерия "Городской детектив"
^vкн. 3
300 ^aС кратким чешским разговорником
304 ^aЗаглавие и автор оригинала: City Crime — Puppentanz in Prag / Andreas Schluter
333 ^a12+
345 ^94000 экз.
454 0 ^12001
^aCity Crime — Puppentanz in Prag
^fAndreas Schluter
606 ^aХУДОЖЕСТВЕННАЯ ЛИТЕРАТУРА
^3BY-NLB-ar37179
^2DVNLB
606 ^aЗАРУБЕЖНАЯ ЛИТЕРАТУРА
^3BY-NLB-ar10779
^2DVNLB
608 ^aДЕТСКАЯ И ЮНОШЕСКАЯ ЛИТЕРАТУРА (художеств. произведение)
^3BY-NLB-ar9019
^2BYGNR
608 ^aДЕТЕКТИВ (лит. произведение)
^3BY-NLB-ar88485
^2BYGNR
608 ^aРОМАН
^3BY-NLB-ar92012
^2BYGNR
686 ^a84(4Гем)-4
^2rubbk
690 ^a1
^2Base
^9BY-MI0021
^xRSEK
700 1 ^aШлютер
^bА.
^gАндреас
702 1 ^aНаппа
^bД.
^gДаниэль
^4440
702 1 ^aШершун
^bА.
^gАнна
^4730
801 0 ^aBY
^bBY-BR0000
^c20220513
^gRCR
801 2 ^aBY
^bBY-MI0021
^c20250505
^gRCR
035 ^a(BY-MI0021)BY-BR0000-br20229295514
899 0 ^aBY-MI0021
^iШ69
^h84(4Гем)